| 000 | 00616nam a2200253Ia 4500 | ||
|---|---|---|---|
| 003 | OSt | ||
| 005 | 20231030151626.0 | ||
| 008 | 210210b1925 xxu||||| |||| 00| 0 eng d | ||
| 040 | _cAL | ||
| 041 | _aeng | ||
| 082 | _a825/726 | ||
| 100 |
_aREILLY (Joseph J) _9140017 |
||
| 245 | _aNewman as a man of letters | ||
| 260 |
_aNew York _bThe Macmillan Company _c1925 |
||
| 650 |
_aof _9140018 |
||
| 650 |
_aNewman _9140019 |
||
| 650 |
_aman _9140020 |
||
| 650 |
_aletters _9140021 |
||
| 650 |
_aas _9140022 |
||
| 650 |
_aa _9140023 |
||
| 690 |
_aEnglish Criticism _9140024 |
||
| 906 | _a015042 | ||
| 942 |
_2ddc _cBK |
||
| 999 |
_c134293 _d134293 |
||